Les 10 villes d'Espagne les plus peuplées commençant par B - Statistiques

Statistiques générales
  • Ce quiz a été pris 24 fois
  • Le résultat moyen est 3 sur 10
Statistiques - réponses
# Ville Population % Correct
1 Barcelone 1.660.122
100%
2 Bilbao 346.096
63%
4 Burgos 174.451
46%
5 Badajoz 150.190
29%
3 Badalone 225.957
21%
8 Benidorm 72.342
21%
7 Benalmádena 75.801
8%
6 Barakaldo 101.229
4%
9 Boadilla del Monte 64.742
4%
10 Blanes 42.198
0%
Aucun quiz correspondant
Distribution des résultats
% des personnes avec chaque résultat
Percentile par nombre de réponses
Votre historique - résultats
Vous n’avez pas pris ce quiz